Ishq kau yar salam / (Record no. 524432)

000 -LEADER
fixed length control field 00446nam a22001697a 4500
003 - CONTROL NUMBER IDENTIFIER
control field NUST
038 ## - RECORD CONTENT LICENSOR
Staff Name waseem
082 ## - DEWEY DECIMAL CLASSIFICATION NUMBER
Classification number 891.421
Author Mark QUR
100 ## - MAIN ENTRY--PERSONAL NAME
Personal name Qureashi, Iqbal
9 (RLIN) 15251
245 ## - TITLE STATEMENT
Title Ishq kau yar salam /
Statement of responsibility, etc. Iqbal Queashi
260 ## - PUBLICATION, DISTRIBUTION, ETC.
Place of publication, distribution, etc. Multan :
Name of publisher, distributor, etc. Jhok printer,
Date of publication, distribution, etc. 2009.
300 ## - PHYSICAL DESCRIPTION
Extent 287 p. ;
500 ## - GENERAL NOTE
General note Hardcover
880 ## - ALTERNATE GRAPHIC REPRESENTATION
Linkage 100-01\r
Title اقبال قریشی
880 ## - ALTERNATE GRAPHIC REPRESENTATION
Linkage 245-02\r
Title / عشق کوں یارسلام
942 ## - ADDED ENTRY ELEMENTS (KOHA)
Source of classification or shelving scheme
Koha item type Book
Holdings
Withdrawn status Lost status Source of classification or shelving scheme Damaged status Not for loan Permanent Location Current Location Date acquired Total Checkouts Full call number Barcode Date last seen Price effective from Koha item type
          Central Library (CL) Central Library (CL) 06/21/2019   891.421 QUR CL-E-1190 06/21/2019 06/21/2019 Book
© 2023 Central Library, National University of Sciences and Technology. All Rights Reserved.